00289nam a2200097Ia 4500008004100000020001800041100003100059245003100090260005200121300001800173180205s9999 xx 000 0 und d a9789719232391 aQuisumbing, Lourdes Reynes aDestiny your number is 4 / aParañaque CitybSaranggola publicationsc2010 aii, 201 pages